| 000 | 00669nam a22001817a 4500 | ||
|---|---|---|---|
| 020 | _qHard Cover. | ||
| 082 | _a621.3 | ||
| 100 | _aAmjad, Umer ; Khan, Nusair ; Ahmad ,Hammad | ||
| 245 |
_aSUN TRACKING AND INTEGRATION OF SOLAR ENERGY INTO CONVENTIONAL UPS SYSTEM _cUmer Amjad ; Nusair Khan ; Hammad Ahmad |
||
| 260 |
_aIslamabad : _bSEECS - NUST, _c2018. |
||
| 300 |
_a40 p. : ill. ; _c30cm. |
||
| 563 | _aa | ||
| 650 |
_aElectrical (Electronics) Engineering. _930929 |
||
| 700 |
_aDr. Salamn Abdul Ghafoor. _930911 |
||
| 856 | _uhttp://10.250.8.41:8080/xmlui/handle/123456789/25169 | ||
| 942 |
_2ddc _cTHE |
||
| 999 |
_c536111 _d536111 |
||